| 000 | 01914nam a2200433 i 4500 | ||
|---|---|---|---|
| 001 | 8125 | ||
| 003 | KOSZ 005 | ||
| 005 | 20210917093529.0 | ||
| 008 | 100708s1963 pl a f 001 0 pol | ||
| 015 | _aPB 1963/1229 | ||
| 040 |
_aWA N _cWA N _dKOSZ 005/RW _dKOSZ 005/HR |
||
| 041 | 1 |
_apol _heng |
|
| 046 | _k1963 | ||
| 080 | _a544.4 | ||
| 080 | _a66 | ||
| 100 | 1 |
_aWalas, Stanley M. _eAutor |
|
| 245 | 1 | 0 |
_aKinetyka reakcji dla inżynierów chemików / _cStanley M. Walas ; tł. z jęz. ang. Wiesław Kawecki, Ryszard Marcinkowski. |
| 246 | 1 |
_iTytuł oryginału : _aReaction kinetics for chemical engineers. |
|
| 246 | 1 | 8 | _aKinetyka reakcji |
| 260 |
_aWarszawa : _bWydawnictwa Naukowo-Techniczne, _c1963. |
||
| 300 |
_a375 stron : _bilustracje ; _c25 cm. |
||
| 336 |
_2rdacontent _aTekst _btxt |
||
| 337 |
_2rdamedia _aBez urządzenia pośredniczącego _bn |
||
| 338 |
_2rdacarrier _aWolumin _bnc |
||
| 380 | _aKsiążki. | ||
| 388 | _a1901-2000 | ||
| 490 | 1 | _aInżynieria Chemiczna. | |
| 500 | _aTytuł oryginału: Reaction kinetics for chemical engineers. Tyt. grzb.: Kinetyka reakcji. | ||
| 504 | _aBibliografia na stronach [350]-362. Indeks. | ||
| 521 | 8 | _aDla magistrów inżynierów chemików i mechaników zatrudnionych w biurach projektowych i konstrukcyjnych oraz w zakładach produkcyjnych przemysłu chemicznego, studentów specjalizujących się w projektowaniu chemicznym procesów technologicznych oraz aparatury chemicznej. | |
| 658 | _aChemia | ||
| 650 | 4 | _aKinetyka chemiczna | |
| 700 | 1 |
_aMarcinkowski, Ryszard _c(nauki chemiczne). _eTłumaczenie |
|
| 710 | 2 |
_aWydawnictwa Naukowo-Techniczne _4pbl. |
|
| 700 | 1 |
_aKawecki, Wiesław _d(1918-2000) _eTłumaczenie |
|
| 856 |
_uhttp://koha.tu.koszalin.pl/cgi-bin/koha/opac-detail.pl?biblionumber=8125 _yKatalog online BPK |
||
| 830 | 0 | _aInżynieria Chemiczna | |
| 942 |
_2UKD _cKS |
||
| 999 |
_c8125 _d8125 |
||